000 01247nam a2200421 a 4500
003 AR-BaBNM
005 20251128210521.0
008 082120s2002 ||||||||||||||000 | spa||
020 _a950-511-538-5
040 _cAR-BaBNM
245 0 0 _aHistoria de la vida privada en la Argentina
_bpaís antiguo, de la colonia a 1870. 1
260 _aBuenos Aires
_bTaurus
_c1999
300 _a309 p.
_bil., láms.
500 _aContiene referencias bibliográficas
650 4 _aHISTORIA ARGENTINA
650 4 _aSOCIOLOGIA CULTURAL
650 4 _aHISTORIA SOCIAL
650 4 _aVIDA SOCIAL
650 4 _aVIDA COTIDIANA
650 4 _aCOSTUMBRES Y TRADICIONES
650 4 _aSIGLO DIECIOCHO
650 4 _aSIGLO DIECINUEVE
650 4 _aHISTORIOGRAFIA ARGENTINA
650 4 _aPERIODO HISPANICO
650 4 _aPERIODO INDEPENDIENTE
650 4 _aHISTORIA DE LAS RELIGIONES
650 4 _aURBANISMO
650 4 _aHISTORIA JUJEÑA
650 4 _aABORIGENES ARGENTINOS
650 4 _aROSAS Y SU TIEMPO
650 4 _aORGANIZACION NACIONAL
650 4 _aRELACIONES SOCIALES
700 1 _aDevoto, Fernando
_edirector
700 1 _aMadero, Marta
_edirector
700 1 _aBraccio, Gabriela
_ecoordinador
942 _cBK
998 _cMariana
999 _c15773
_d15773